000 00253 a2200121 4500
000 nam a22 7a 4500
020 _a9681818946
100 _aT WILLIAM LAMBE
245 _aMECANICA DE SUELOS
250 _a2
260 _bLIMUSA
_c2001
942 _cBK
999 _c63038
_d63037
980 _621515
_aROMINA COBOS Adquisiciones
_821515
_gROMINA COBOS Adquisiciones